<?xml version="1.0" encoding="UTF-8"?>
<record
    xmlns:xsi="http://www.w3.org/2001/XMLSchema-instance"
    xsi:schemaLocation="http://www.loc.gov/MARC21/slim http://www.loc.gov/standards/marcxml/schema/MARC21slim.xsd"
    xmlns="http://www.loc.gov/MARC21/slim">

  <leader>01019cam a22002531  4500</leader>
  <controlfield tag="001">tmp96030977 </controlfield>
  <controlfield tag="003">DLC</controlfield>
  <controlfield tag="005">20260227112757.0</controlfield>
  <controlfield tag="008">121206s1966    un af         000 0 ukro </controlfield>
  <datafield tag="010" ind1=" " ind2=" ">
    <subfield code="a">tmp96030977 </subfield>
  </datafield>
  <datafield tag="040" ind1=" " ind2=" ">
    <subfield code="a">DLC</subfield>
    <subfield code="c">DLC</subfield>
    <subfield code="d">DLC</subfield>
  </datafield>
  <datafield tag="041" ind1="0" ind2=" ">
    <subfield code="a">ukr</subfield>
    <subfield code="a">eng</subfield>
    <subfield code="a">rus</subfield>
  </datafield>
  <datafield tag="043" ind1=" " ind2=" ">
    <subfield code="a">e-un---</subfield>
  </datafield>
  <datafield tag="050" ind1="0" ind2="0">
    <subfield code="a">PG3948.F72</subfield>
    <subfield code="b">L5</subfield>
  </datafield>
  <datafield tag="110" ind1="2" ind2=" ">
    <subfield code="a">Literaturno-memorial&#x2B9;ny&#x12D; muze&#x12D; Ivana Franka.</subfield>
  </datafield>
  <datafield tag="245" ind1="1" ind2="0">
    <subfield code="a">Literaturno-memorial&#x2B9;ny&#x12D; muze&#x12D; Ivana Franka u L&#x2B9;vovi =</subfield>
    <subfield code="b">Literaturno-memorial&#x2B9;ny&#x12D; muze&#x12D; Ivana Franko vo L&#x2B9;vove = Ivan Franko Literature Memorial Museum in Lviv /</subfield>
    <subfield code="c">[tekst i upori&#x361;adkuvanni&#x361;a S. Stet&#x361;s&#x2B9;].</subfield>
  </datafield>
  <datafield tag="246" ind1="3" ind2=" ">
    <subfield code="a">Literaturno-memorial&#x2B9;ny&#x12D; muze&#x12D; Ivana Franko vo L&#x2B9;vove</subfield>
  </datafield>
  <datafield tag="246" ind1="3" ind2=" ">
    <subfield code="a">Ivan Franko Literature Memorial Museum in Lviv</subfield>
  </datafield>
  <datafield tag="260" ind1=" " ind2=" ">
    <subfield code="a">L&#x2B9;viv :</subfield>
    <subfield code="b">"Kameni&#x361;ar",</subfield>
    <subfield code="c">1966.</subfield>
  </datafield>
  <datafield tag="300" ind1=" " ind2=" ">
    <subfield code="a">21, [1] p., [18] p. of plates :</subfield>
    <subfield code="b">ill. ;</subfield>
    <subfield code="c">17 cm.</subfield>
  </datafield>
  <datafield tag="546" ind1=" " ind2=" ">
    <subfield code="a">Texts in Ukrainian, Russian and English.</subfield>
  </datafield>
  <datafield tag="600" ind1="1" ind2="0">
    <subfield code="a">Franko, Ivan,</subfield>
    <subfield code="d">1856-1916</subfield>
    <subfield code="x">Museums</subfield>
    <subfield code="z">Ukraine</subfield>
    <subfield code="z">L&#x2B9;viv.</subfield>
  </datafield>
  <datafield tag="700" ind1="1" ind2=" ">
    <subfield code="a">Stet&#x361;s&#x2B9;, Z.</subfield>
  </datafield>
  <datafield tag="999" ind1=" " ind2=" ">
    <subfield code="c">91280</subfield>
    <subfield code="d">91280</subfield>
  </datafield>
</record>
